Central Library OPAC University of Rajshahi
Normal view MARC view

Entry Topical Term

Number of records used in: 2

001 - CONTROL NUMBER

  • control field: 9217

003 - CONTROL NUMBER IDENTIFIER

  • control field: BD-RjUL

005 - DATE AND TIME OF LATEST TRANSACTION

  • control field: 20230926111704.0

008 - FIXED-LENGTH DATA ELEMENTS

  • fixed length control field: 230926|| aca||aabn | a|a d

040 ## - CATALOGING SOURCE

  • Original cataloging agency: BD-RjUL
  • Transcribing agency: BD-RjUL

150 ## - HEADING--TOPICAL TERM

  • Geographic subdivision: Spain--Granada (Reino)

670 ## - SOURCE DATA FOUND

  • Source citation: Work cat.: (BD-RjUL)81993: ابن الخطيب, الوزيرمحمد لسان الدين 9206, الإحاطة في أخبار غرناطة. / al-Iḥāṭah fī akhbār Ghirnāṭah. /, 1936